[Event "CZE-chT1E 1112"]
[Site "Czech Republic"]
[Date "2012.04.01"]
[Round "11"]
[White "Walek, Milan"]
[Black "Pacl, Vaclav"]
[Result "0-1"]
[WhiteElo "2356"]
[BlackElo "2179"]
[PlyCount "118"]
[EventDate "2011.10.02"]
[EventType "team-tourn"]
[EventRounds "11"]
[EventCountry "CZE"]
[SourceTitle "EXT 2013"]
[Source "ChessBase"]
[SourceDate "2012.11.22"]
[SourceVersion "1"]
[SourceVersionDate "2012.11.22"]
[SourceQuality "1"]
[WhiteTeam "Trinec"]
[BlackTeam "Ostrava Labortech II"]
[WhiteTeamCountry "CZE"]
[BlackTeamCountry "CZE"]

1. e4 e6 2. d4 d5 3. Nc3 Bb4 4. e5 c5 5. a3 Bxc3+ 6. bxc3 Ne7 7. Nf3 b6 8. a4 Ba6 9. Bb5+ Bxb5 10. axb5 Qc7 11. 0-0 0-0 12. dxc5 bxc5 13. c4 Rd8 14. Bg5 dxc4 15. Qe2 h6 16. b6 Qb7 17. Bxe7 Qxe7 18. Qe4 Nd7 19. b7 Rab8 20. Rxa7 Nb6 21. Qc6 Nd5 22. h4 Nb4 23. Qe4 Qc7 24. Rb1 c3 25. Rb3 f5 26. Qc4 Qb6 27. Ra1 Rxb7 28. Rxc3 Rd5 29. Rb3 Qc7 30. Ra8+ Kh7 31. g4 Nc6 32. gxf5 Nxe5 33. Nxe5 Rxe5 34. f4 Rxb3 35. cxb3 Rxf5 36. Qxe6 Qxf4 37. Qg8+ Kg6 38. Qe8+ Rf7 39. h5+ Kxh5 40. Ra7 Kg6 41. Rxf7 Qxf7 42. Qc6+ Qf6 43. Qe8+ Kh7 44. Qb5 Qd4+ 45. Kg2 h5 46. Kh2 Kh6 47. Qb8 g6 48. Qf8+ Kg5 49. Qe7+ Kf5 50. Qf8+ Kg4 51. Qc8+ Kg5 52. Qb7 Qe5+ 53. Kg1 h4 54. Qb6 h3 55. Qd8+ Kh5 56. Qb6 Qg3+ 57. Kf1 Qf3+ 58. Ke1 h2 59. Qxc5+ g5 0-1

[Event "CZE-chT1E 1112"]
[Site "Czech Republic"]
[Date "2012.02.26"]
[Round "9"]
[White "Walek, Milan"]
[Black "Beil, Zdenek"]
[Result "1/2-1/2"]
[WhiteElo "2356"]
[BlackElo "2256"]
[PlyCount "75"]
[EventDate "2011.10.02"]
[EventType "team-tourn"]
[EventRounds "11"]
[EventCountry "CZE"]
[SourceTitle "EXT 2013"]
[Source "ChessBase"]
[SourceDate "2012.11.22"]
[SourceVersion "1"]
[SourceVersionDate "2012.11.22"]
[SourceQuality "1"]
[WhiteTeam "Trinec"]
[BlackTeam "Litovel II"]
[WhiteTeamCountry "CZE"]
[BlackTeamCountry "CZE"]

1. e4 g6 2. d4 c6 3. Nc3 d5 4. Nf3 Bg7 5. h3 dxe4 6. Nxe4 Nd7 7. Bd3 Ngf6 8. 0-0 Nxe4 9. Bxe4 0-0 10. c3 e5 11. Be3 Nf6 12. Bc2 exd4 13. Bxd4 b6 14. Re1 Be6 15. Bb3 Bxb3 16. Qxb3 Re8 17. Be5 Nd5 18. c4 Bxe5 19. cxd5 Bc7 20. dxc6 Qd6 21. Qc4 a6 22. a4 b5 23. axb5 axb5 24. Qxb5 Rxe1+ 25. Rxe1 Rb8 26. Qc4 Rxb2 27. Re8+ Kg7 28. g3 Qf6 29. Kg2 Bb6 30. Re2 Rxe2 31. Qxe2 Qxc6 32. g4 h6 33. h4 Bd8 34. Qe5+ Bf6 35. Qg3 Qe4 36. g5 Be7 37. Kh3 Qe6+ 38. Qg4 1/2-1/2